| 000 | 01193cad a22002415a 4500 | ||
|---|---|---|---|
| 001 | L155739 | ||
| 008 | 120413s2012 xxk f 000 0 eng d | ||
| 020 | _a9781845329617 | ||
| 035 | _a(Sirsi) u155739 | ||
| 041 | 0 | _aeng | |
| 110 | 2 |
_aUnited Kingdom _bHM Treasury |
|
| 245 | 0 | 0 |
_aConsultation on reforms to the real estate investment trust (REIT) regime _bA)to explore the potential role social housing REITs could play to support the social housing sector and B) to consider the tax treatment of REITs investing in REITs _h[electronic resource] |
| 260 |
_aLondon _c _bHM Treasury _b2012 |
||
| 520 | _aA two part consultation on A) the role Real Estate Investment Trusts (REIT)s can play in supporting the social housing sector and B) the tax treatment of REITs investing in REITs | ||
| 520 | _aConsultation closes 27 June 2012. | ||
| 590 | _aKA NTK | ||
| 651 | 4 | _aUNITED KINGDOM | |
| 690 |
_aAffordable housing _96215 |
||
| 690 | _aFinance and taxation | ||
| 710 | 1 |
_aUnited Kingdom _bDepartment for Communities and Local Government _94939 |
|
| 856 | 4 | 0 |
_uhttps://www.hm-treasury.gov.uk/d/condoc_reforms_to_reit.pdf _zView the item free of charge at www.hm-treasury.gov.uk |
| 942 | _n0 | ||
| 999 |
_c113785 _d113785 |
||